| 000 -LEADER |
| fixed length control field |
00670cam a2200229 a 4500 |
| 001 - CONTROL NUMBER |
| control field |
1521 |
| 003 - CONTROL NUMBER IDENTIFIER |
| control field |
BD-DhUAP |
| 005 - DATE AND TIME OF LATEST TRANSACTION |
| control field |
20210118161421.0 |
| 008 - FIXED-LENGTH DATA ELEMENTS--GENERAL INFORMATION |
| fixed length control field |
210118s1999 ii a 000 0 eng d |
| 020 ## - INTERNATIONAL STANDARD BOOK NUMBER |
| International Standard Book Number |
8176560839 |
| 040 ## - CATALOGING SOURCE |
| Original cataloging agency |
CTM |
| Transcribing agency |
CTM |
| Modifying agency |
BD-DhUAP |
| Language of cataloging |
eng |
| 082 00 - DEWEY DECIMAL CLASSIFICATION NUMBER |
| Classification number |
005.43769 COU |
| Edition number |
23 |
| 100 ## - MAIN ENTRY--PERSONAL NAME |
| Personal name |
Courter, Gini. |
| 245 10 - TITLE STATEMENT |
| Title |
Microsoft Office 2000 : |
| Remainder of title |
no experience required / |
| Statement of responsibility, etc. |
Gini Courter and Annette Marquis. |
| 250 ## - EDITION STATEMENT |
| Edition statement |
First Indian edition. |
| 260 ## - PUBLICATION, DISTRIBUTION, ETC. |
| Place of publication, distribution, etc. |
New Delhi : |
| Name of publisher, distributor, etc. |
BPB, |
| Date of publication, distribution, etc. |
c1999. |
| 300 ## - PHYSICAL DESCRIPTION |
| Extent |
xxiv, 742 pages : |
| Other physical details |
illustrations ; |
| Dimensions |
24 cm. |
| 500 ## - GENERAL NOTE |
| General note |
Includes index. |
| 650 ## - SUBJECT ADDED ENTRY--TOPICAL TERM |
| Topical term or geographic name entry element |
Microsoft Office. |
| 700 ## - ADDED ENTRY--PERSONAL NAME |
| Personal name |
Marquis, Annette. |
| 942 ## - ADDED ENTRY ELEMENTS (KOHA) |
| Source of classification or shelving scheme |
|
| Koha item type |
Book |